000 00823nam a2200253Ia 4500
003 OSt
005 20220925203505.0
006 a|||||r|||| 00| 0
007 ta
008 220923b |||||||| |||| 00| 0 eng d
020 _a852241658
037 _cGeneral Book
040 _aRTL
_cRTL
_beng
041 _2eng
_aeng
082 _aX9(J):77.41.N68<--H68, K9
100 _aParkins Dwight H
_9266236
245 0 _aAgriculture development in China, 1368-1968
260 _aEdinburgh
_bUniversity Press
_c1969
300 _axv, 395p. Bib p 366-80 ; Appendix p 192-365
_ccm.
490 _aSocial Science Research Council, Committee on the Economy of China
650 _aAgriculture Industry
942 _hX9(J):77.41.N68<--H68, K9
_cGB
_2CC
999 _c546691
_d546691